The Histology of Hevea brasiliensis phloem necrosis (Record no. 45792)

MARC details
000 -LEADER
fixed length control field 00413nam a2200157Ia 4500
100 ## - MAIN ENTRY--AUTHOR NAME
Personal name Nicole M
245 #4 - TITLE STATEMENT
Title The Histology of Hevea brasiliensis phloem necrosis
260 ## - PUBLICATION, DISTRIBUTION, ETC. (IMPRINT)
Name of publisher European Journal of Forest Pathology
Year of publication 1991
300 ## - PHYSICAL DESCRIPTION
Number of Pages 27-35
700 ## - ADDED ENTRY--PERSONAL NAME
Personal name 6aChrestin H
700 ## - ADDED ENTRY--PERSONAL NAME
Personal name Geiger JP
700 ## - ADDED ENTRY--PERSONAL NAME
Personal name Giannotti J
700 ## - ADDED ENTRY--PERSONAL NAME
Personal name Thouvenel JC
942 ## - ADDED ENTRY ELEMENTS (KOHA)
Koha item type Reprints
Holdings
Withdrawn status Lost status Damaged status Not for loan Home library Current library Date acquired Serial Enumeration / chronology Koha item type
      Reprints RRII Library RRII Library 22/12/2021 Volume 21, Issue 1 Reprints